000 00769nam a22002417a 4500
942 _cBK
999 _c781
_d781
005 20250420134825.0
008 211118b ||||| |||| 00| 0 eng d
020 _a9781009031400
040 _cKCST
082 _a428.24
_bWe Un
100 _aWestbrook, Carolyn,
_95140
245 _a Unlock : reading, writing & critical thinking : [Level] 3,. Student's book/
_cCarolyn Westbrook; Lida Baker; Chris Sowton; Jennifer Farmer; Janet Gokay
250 _a2
260 _aCambridge, United Kingdom :
_bCambridge University Press,
_c2019.
300 _a207 p.
521 _aB1 English Profile.
700 _aBaker, Lida
_95604
700 _aSowton, Chris
_95143
700 _aFarmer, Jennifer
_95605
700 _aGokay, Janet
_95606
942 _2ddc